[Event "Bad Woerishofen op 38th"]
[Site "Bad Woerishofen"]
[Date "2023.03.07"]
[Round "5"]
[White "Brunner, Jan"]
[Black "Weichelt, Jens"]
[Result "1-0"]
[WhiteElo "2202"]
[BlackElo "2039"]
[PlyCount "59"]
[EventDate "2023.03.03"]
[EventType "swiss"]
[EventRounds "9"]
[EventCountry "GER"]
[SourceTitle "CBM 213 Extra"]
[Source "ChessBase"]
[SourceDate "2023.05.31"]
[SourceVersion "1"]
[SourceVersionDate "2023.05.31"]
[SourceQuality "1"]

1. d4 d5 2. c4 e6 3. Nc3 c6 4. Nf3 Nf6 5. Bg5 Be7 6. Qc2 Nbd7 7. cxd5 cxd5 8. e3 0-0 9. Bd3 h6 10. Bh4 b6 11. h3 Bb7 12. 0-0 Rc8 13. Bg3 Ne4 14. Bxe4 dxe4 15. Nd2 f5 16. Qb3 Rf6 17. Rfd1 Nf8 18. Rac1 Kh8 19. Nc4 Ng6 20. Ne5 Bd5 21. Nxd5 Rxc1 22. Rxc1 exd5 23. Rc7 Nxe5 24. Bxe5 Rg6 25. Rxa7 Rc6 26. Qa4 Rc1+ 27. Kh2 Bd6 28. Qd7 Bxe5+ 29. dxe5 d4 30. Qxg7# 1-0

[Event "Bad Woerishofen op 38th"]
[Site "Bad Woerishofen"]
[Date "2023.03.04"]
[Round "2"]
[White "Mendonca, Leon Luke"]
[Black "Brunner, Jan"]
[Result "1-0"]
[WhiteElo "2558"]
[BlackElo "2202"]
[PlyCount "85"]
[EventDate "2023.03.03"]
[EventType "swiss"]
[EventRounds "9"]
[EventCountry "GER"]
[SourceTitle "CBM 213 Extra"]
[Source "ChessBase"]
[SourceDate "2023.05.31"]
[SourceVersion "1"]
[SourceVersionDate "2023.05.31"]
[SourceQuality "1"]

1. Nf3 Nf6 2. c4 e6 3. Nc3 c5 4. g3 b6 5. Bg2 Bb7 6. 0-0 Be7 7. d4 cxd4 8. Qxd4 Nc6 9. Qf4 0-0 10. Rd1 d6 11. b3 Qb8 12. Bb2 Rd8 13. Rd2 h6 14. Rad1 a6 15. Na4 Nd7 16. Qg4 e5 17. Nc3 Nf6 18. Qf5 Bf8 19. Qb1 Ra7 20. Nh4 Nd4 21. Bxb7 Qxb7 22. Nd5 Nxd5 23. Bxd4 exd4 24. cxd5 Qxd5 25. Rxd4 Qe6 26. e3 g6 27. Ng2 g5 28. Ne1 Rc7 29. Nc2 Bg7 30. R4d2 Qe4 31. Na3 Qxb1 32. Rxb1 b5 33. Rbd1 Rc6 34. Nc2 Kf8 35. Nb4 Rb6 36. Rc1 a5 37. Nd5 Rb7 38. Rc6 a4 39. bxa4 bxa4 40. Ra6 Ke8 41. Rxa4 Rdb8 42. Ra6 Kd7 43. Nf6+ 1-0

[Event "Oberliga Wuerttemberg 2122"]
[Site "Wuerttemberg"]
[Date "2022.05.15"]
[Round "9.2"]
[White "Gabriel, Robert A"]
[Black "Brunner, Jan"]
[Result "1/2-1/2"]
[WhiteElo "2220"]
[BlackElo "2157"]
[PlyCount "94"]
[EventDate "2021.09.19"]
[EventType "team-tourn"]
[EventRounds "9"]
[EventCountry "GER"]
[SourceTitle "EXT 2024"]
[Source "ChessBase"]
[SourceDate "2023.10.10"]
[SourceVersion "1"]
[SourceVersionDate "2023.10.10"]
[SourceQuality "1"]
[WhiteTeam "Stuttgart SF II"]
[BlackTeam "Schoenaich II"]
[WhiteTeamCountry "GER"]
[BlackTeamCountry "GER"]

1. d4 Nf6 2. Nf3 e6 3. c4 b6 4. g3 Ba6 5. b3 Bb4+ 6. Bd2 Be7 7. Bg2 d5 8. 0-0 0-0 9. Ne5 c6 10. Bc3 Nfd7 11. Nxd7 Nxd7 12. Nd2 Nf6 13. e4 Rc8 14. Re1 Bb7 15. Qe2 Re8 16. Rad1 Qc7 17. Bb2 Bf8 18. h4 dxe4 19. Nxe4 Nxe4 20. Bxe4 Rcd8 21. h5 f5 22. Bg2 Bb4 23. Rf1 Bd6 24. f4 h6 25. Kh2 a5 26. a4 Bc8 27. Qf3 Bd7 28. Rfe1 Kh7 29. Qf2 Bc8 30. c5 Be7 31. Qc2 Bd7 32. Rc1 Rc8 33. Bc3 Bf6 34. Qd2 Ra8 35. Ra1 Rg8 36. b4 axb4 37. Bxb4 Rgb8 38. a5 bxa5 39. Bxa5 Qc8 40. Bb6 Rxa1 41. Rxa1 Ra8 42. Rxa8 Qxa8 43. Bc7 Qa3 44. Be5 Bd8 45. Qe2 Ba5 46. Qa6 Bb4 47. Qxa3 Bxa3 1/2-1/2

[Event "Oberliga Wuerttemberg 2122"]
[Site "Wuerttemberg"]
[Date "2022.04.10"]
[Round "8.4"]
[White "Brunner, Jan"]
[Black "Engelhart, Achim"]
[Result "1-0"]
[WhiteElo "2157"]
[BlackElo "2088"]
[PlyCount "111"]
[EventDate "2021.09.19"]
[EventType "team-tourn"]
[EventRounds "9"]
[EventCountry "GER"]
[SourceTitle "EXT 2023"]
[Source "ChessBase"]
[SourceDate "2022.10.05"]
[SourceVersion "1"]
[SourceVersionDate "2022.10.05"]
[SourceQuality "1"]
[WhiteTeam "Schoenaich II"]
[BlackTeam "Biberach"]
[WhiteTeamCountry "GER"]
[BlackTeamCountry "GER"]

1. c4 c5 2. Nf3 Nc6 3. d4 cxd4 4. Nxd4 Qb6 5. Nb3 e6 6. a3 Nf6 7. Nc3 d6 8. e4 Be7 9. Be3 Qc7 10. Rc1 0-0 11. Be2 Ne5 12. 0-0 b6 13. Nd2 Bb7 14. b4 Rac8 15. f4 Ned7 16. Bd3 a6 17. Nb3 Qb8 18. Qe2 Qa8 19. Bd4 e5 20. fxe5 Nxe5 21. Nd5 Bxd5 22. cxd5 b5 23. Na5 Nfd7 24. a4 bxa4 25. Bxa6 Rxc1 26. Rxc1 Bf6 27. Be3 a3 28. Kh1 Ng6 29. Nc6 Bb2 30. Rf1 Qe8 31. Bc1 Bxc1 32. Rxc1 f5 33. exf5 Qxe2 34. Bxe2 Nf4 35. Bc4 Nb6 36. Bb3 Kf7 37. g3 Nd3 38. Ra1 Ra8 39. Kg2 Kf6 40. Kf3 Ne5+ 41. Kf4 Nd3+ 42. Ke4 Nf2+ 43. Ke3 Nh3 44. Nd4 Ke5 45. Nb5 Kxf5 46. Nxd6+ Ke5 47. Nf7+ Kf6 48. Rf1+ Ke7 49. d6+ Kd7 50. Kd4 h6 51. Kc5 Na4+ 52. Bxa4+ Rxa4 53. Kd5 Rxb4 54. Ne5+ Kc8 55. d7+ Kc7 56. Rc1+ 1-0

[Event "Oberliga Wuerttemberg 2122"]
[Site "Wuerttemberg"]
[Date "2022.03.13"]
[Round "7.4"]
[White "Weiss, Andreas"]
[Black "Brunner, Jan"]
[Result "1/2-1/2"]
[WhiteElo "2153"]
[BlackElo "2157"]
[PlyCount "160"]
[EventDate "2021.09.19"]
[EventType "team-tourn"]
[EventRounds "9"]
[EventCountry "GER"]
[SourceTitle "EXT 2023"]
[Source "ChessBase"]
[SourceDate "2022.10.05"]
[SourceVersion "1"]
[SourceVersionDate "2022.10.05"]
[SourceQuality "1"]
[WhiteTeam "Schwaebisch Gmuend"]
[BlackTeam "Schoenaich II"]
[WhiteTeamCountry "GER"]
[BlackTeamCountry "GER"]

1. e4 c5 2. Nf3 Nc6 3. d4 cxd4 4. Nxd4 Nf6 5. Nc3 d6 6. Bg5 e6 7. Qd2 Be7 8. f3 Nxd4 9. Qxd4 0-0 10. 0-0-0 a6 11. Kb1 b5 12. h4 Qa5 13. Bd2 b4 14. Ne2 Rb8 15. g4 e5 16. Qd3 Be6 17. Nc1 d5 18. g5 Nh5 19. Bh3 Rbd8 20. Bxe6 fxe6 21. Qb3 Qb5 22. Rhf1 a5 23. a4 Qc6 24. Rfe1 Bd6 25. Be3 Bc7 26. Bg1 Nf4 27. Bh2 Ng2 28. Re2 Nxh4 29. exd5 Rxd5 30. Rxd5 exd5 31. Bxe5 Rxf3 32. Nd3 Bb6 33. Bf4 Rf1+ 34. Ka2 Nf3 35. Ne5 Nxe5 36. Bxe5 Qc4 37. Bd6 Kf7 38. Re7+ Kg6 39. Be5 Qxb3+ 40. Kxb3 Rf3+ 41. Ka2 Kxg5 42. Rb7 Bd8 43. Rxg7+ Kf5 44. Bb8 Bf6 45. Rxh7 Rf2 46. Rc7 Be5 47. Rc8 Rg2 48. Bxe5 Kxe5 49. Rc5 Kd4 50. Rxa5 Rxc2 51. Kb3 Rh2 52. Rb5 Ke4 53. Rxb4+ d4 54. a5 Rh7 55. Ra4 Rb7+ 56. Kc2 Ke3 57. b4 d3+ 58. Kb3 d2 59. Ra1 Kd3 60. Rd1 Rb8 61. Rxd2+ Kxd2 62. Kc4 Ke3 63. b5 Ke4 64. Kc5 Ke5 65. Kc6 Ke6 66. b6 Ra8 67. b7 Rxa5 68. b8Q Re5 69. Qb3+ Ke7 70. Qg3 Kf6 71. Kd6 Rf5 72. Qe3 Rg5 73. Qe7+ Kf5 74. Qe3 Rg6+ 75. Kd5 Rg5 76. Qf3+ Kg6+ 77. Ke6 Kh6 78. Qf4 Kh5 79. Kf7 Rg4 80. Qf6 Rf4 1/2-1/2

[Event "Oberliga Wuerttemberg 2122"]
[Site "Wuerttemberg"]
[Date "2021.12.19"]
[Round "4.6"]
[White "Brunner, Jan"]
[Black "Carstens, Andreas"]
[Result "1-0"]
[WhiteElo "2157"]
[BlackElo "2122"]
[PlyCount "81"]
[EventDate "2021.09.19"]
[EventType "team-tourn"]
[EventRounds "9"]
[EventCountry "GER"]
[SourceTitle "EXT 2023"]
[Source "ChessBase"]
[SourceDate "2022.10.05"]
[SourceVersion "1"]
[SourceVersionDate "2022.10.05"]
[SourceQuality "1"]
[WhiteTeam "Schoenaich II"]
[BlackTeam "Bebenhausen"]
[WhiteTeamCountry "GER"]
[BlackTeamCountry "GER"]

1. e4 d6 2. Nc3 Nf6 3. Bc4 c6 4. Qe2 g6 5. Nf3 Bg7 6. d4 0-0 7. a4 d5 8. Bb3 Bg4 9. e5 Ne8 10. h3 Bxf3 11. gxf3 Nc7 12. f4 Qd7 13. Be3 a5 14. 0-0-0 Nba6 15. h4 h5 16. Qf3 e6 17. Rhg1 Rfb8 18. Ne2 b5 19. Ng3 bxa4 20. Bxa4 Rb4 21. b3 Rxa4 22. bxa4 Qe7 23. Bd2 Rb8 24. Bxa5 Qxh4 25. Kd2 Bh6 26. Nxh5 Kf8 27. Rh1 Qe7 28. Nf6 Bg7 29. Qh3 Bxf6 30. exf6 Qxf6 31. Qh8+ Ke7 32. Qxf6+ Kxf6 33. Rb1 Rc8 34. Rb7 Ne8 35. Ra7 Nb8 36. Bb4 Kg7 37. Bc5 Nf6 38. f3 Nbd7 39. Rb1 Rh8 40. Rbb7 Rh2+ 41. Kc1 1-0

[Event "GER-chT Christmas U20"]
[Site "Playchess.com INT"]
[Date "2020.12.29"]
[Round "7.2"]
[White "Brunner, Jan"]
[Black "Ramien, David"]
[Result "0-1"]
[WhiteElo "2167"]
[BlackElo "2181"]
[PlyCount "110"]
[EventDate "2020.12.29"]
[EventType "team-swiss (blitz)"]
[EventRounds "7"]
[EventCountry "GER"]
[SourceTitle "CBM 200 Extra"]
[Source "ChessBase"]
[SourceDate "2021.03.31"]
[SourceVersion "1"]
[SourceVersionDate "2021.03.31"]
[SourceQuality "1"]
[WhiteTeam "Schoenaich"]
[BlackTeam "Koeln Porz II"]
[WhiteTeamCountry "GER"]
[BlackTeamCountry "GER"]

1. e4 c5 2. Nf3 d6 3. Bb5+ Nd7 4. 0-0 a6 5. Bd3 Ngf6 6. c3 g6 7. Bc2 Bg7 8. d4 cxd4 9. cxd4 0-0 10. Nc3 b5 11. a3 Bb7 12. Re1 Rc8 13. h3 Nb6 14. Bf4 Nc4 15. Bc1 Qc7 16. Bd3 Qb8 17. Nd2 Qa8 18. Nxc4 bxc4 19. Bc2 Rfd8 20. Bg5 h6 21. Bf4 Qa7 22. Be3 Qa8 23. f3 Bc6 24. Qd2 Kh7 25. Qf2 Rb8 26. Rad1 Qb7 27. Bc1 Ne8 28. h4 h5 29. Kh1 Qb6 30. f4 Nf6 31. f5 Ng4 32. Qg1 gxf5 33. exf5 Bf6 34. Ne4 Rg8 35. Nxf6+ Nxf6 36. Qe3 Bxg2+ 37. Kg1 Bh3+ 38. Kh1 Qb7+ 39. d5 Bg2+ 40. Kg1 Bxd5+ 41. Kf1 Bg2+ 42. Ke2 Ng4 43. f6+ Kh8 44. Qc3 e5 45. Rg1 d5 46. Rxg2 d4 47. Qh3 d3+ 48. Bxd3 cxd3+ 49. Rxd3 Qe4+ 50. Kd2 Qf4+ 51. Kc2 Rbc8+ 52. Rc3 Qe4+ 53. Kb3 Rxc3+ 54. bxc3 Rb8+ 55. Ka2 Qb1# 0-1

[Event "GER-chT Christmas U20"]
[Site "Playchess.com INT"]
[Date "2020.12.29"]
[Round "6.2"]
[White "Fasshauer, Jacob"]
[Black "Brunner, Jan"]
[Result "0-1"]
[WhiteElo "2127"]
[BlackElo "2167"]
[PlyCount "74"]
[EventDate "2020.12.29"]
[EventType "team-swiss (blitz)"]
[EventRounds "7"]
[EventCountry "GER"]
[SourceTitle "CBM 200 Extra"]
[Source "ChessBase"]
[SourceDate "2021.03.31"]
[SourceVersion "1"]
[SourceVersionDate "2021.03.31"]
[SourceQuality "1"]
[WhiteTeam "Leipzig SG"]
[BlackTeam "Schoenaich"]
[WhiteTeamCountry "GER"]
[BlackTeamCountry "GER"]

1. e4 c5 2. c3 Nf6 3. e5 Nd5 4. d4 cxd4 5. cxd4 d6 6. Nf3 Nc6 7. Bc4 Nb6 8. Bb5 dxe5 9. Nxe5 Bd7 10. Nxd7 Qxd7 11. Nc3 a6 12. Bxc6 Qxc6 13. d5 Qd6 14. 0-0 g6 15. Qb3 Bg7 16. Be3 Nd7 17. Rad1 0-0 18. Rfe1 b5 19. Ne4 Qe5 20. Bd4 Qh5 21. Bxg7 Kxg7 22. Ng3 Qh4 23. Qc3+ Kg8 24. Re4 Qf6 25. Qb4 Rfe8 26. Rde1 Nb6 27. Rxe7 Rxe7 28. Qxe7 Qxe7 29. Rxe7 Nxd5 30. Rb7 Rc8 31. Rd7 Rc1+ 32. Nf1 Nf4 33. g3 Ne6 34. Rd2 b4 35. Kg2 Ra1 36. b3 Nc5 37. Kf3 Rxf1 0-1

[Event "Pfalz op-A 11th"]
[Site "Neustadt an der Weinstrasse"]
[Date "2020.02.25"]
[Round "9"]
[White "Brunner, Jan"]
[Black "Hahn, Markus"]
[Result "0-1"]
[WhiteElo "2134"]
[BlackElo "2271"]
[PlyCount "128"]
[EventDate "2020.02.21"]
[EventType "swiss"]
[EventRounds "9"]
[EventCountry "GER"]
[SourceTitle "CBM 195 Extra"]
[Source "ChessBase"]
[SourceDate "2020.05.31"]
[SourceVersion "1"]
[SourceVersionDate "2020.05.31"]
[SourceQuality "1"]

1. c4 e6 2. g3 Nf6 3. Bg2 d5 4. d4 Be7 5. Nf3 0-0 6. 0-0 c6 7. Qc2 b6 8. Nbd2 Bb7 9. e4 Na6 10. e5 Nd7 11. cxd5 Nb4 12. Qb3 Nxd5 13. Ne4 c5 14. dxc5 Nxc5 15. Nxc5 Bxc5 16. Bg5 Qd7 17. Rfd1 Rfc8 18. Rac1 Rc7 19. a3 a5 20. Qd3 Rac8 21. Nd4 h6 22. Bd2 Ne7 23. Bxb7 Rxb7 24. Bc3 Bxd4 25. Qxd4 Nd5 26. Bd2 Rbc7 27. Rxc7 Rxc7 28. Rc1 Rxc1+ 29. Bxc1 Qc6 30. Bd2 Qb5 31. Bc3 h5 32. h3 g6 33. Qd2 Qc4 34. Qd4 Qe2 35. Kg2 Kf8 36. Qd2 Qe4+ 37. f3 Qc4 38. Kf2 Ke8 39. h4 Kd7 40. Qd4 Qb3 41. Ke2 Kc6 42. Kd2 Qb5 43. Ke1 Qc5 44. Qa4+ b5 45. Qxa5 Qe3+ 46. Kd1 Qxf3+ 47. Kc1 Qf1+ 48. Kd2 Qf2+ 49. Kc1 Qe3+ 50. Kc2 Qe2+ 51. Kc1 Nxc3 52. Qxc3+ Kd5 53. Kb1 Qxe5 54. Qd3+ Kc6 55. Qf3+ Kc5 56. Qxf7 Qf5+ 57. Qxf5+ gxf5 58. Kc2 Kd4 59. Kd2 e5 60. b3 e4 61. Kc2 Ke3 62. a4 bxa4 63. bxa4 Kd4 64. Kb3 Kd3 0-1

[Event "Oberliga Wuerttemberg 1920"]
[Site "Wuerttemberg"]
[Date "2019.12.01"]
[Round "4.5"]
[White "Brunner, Jan"]
[Black "Latzke, Boris Alexander"]
[Result "1/2-1/2"]
[WhiteElo "1999"]
[BlackElo "2188"]
[PlyCount "86"]
[EventDate "2019.09.15"]
[EventType "team-tourn"]
[EventRounds "9"]
[EventCountry "GER"]
[SourceTitle "EXT 2021"]
[Source "ChessBase"]
[SourceDate "2020.10.23"]
[SourceVersion "1"]
[SourceVersionDate "2020.10.23"]
[SourceQuality "1"]
[WhiteTeam "Schoenaich II"]
[BlackTeam "Bebenhausen"]
[WhiteTeamCountry "GER"]
[BlackTeamCountry "GER"]

1. d4 Nf6 2. c4 e6 3. Nf3 b6 4. g3 Ba6 5. b3 Bb4+ 6. Bd2 Be7 7. Bg2 c6 8. Nc3 d5 9. Ne5 Nfd7 10. Nxd7 Nxd7 11. 0-0 Rc8 12. e4 dxc4 13. Re1 b5 14. bxc4 b4 15. Na4 Bxc4 16. Qc2 Bb5 17. Be3 0-0 18. Red1 Qa5 19. Nb2 c5 20. d5 exd5 21. Rxd5 Nf6 22. Rdd1 c4 23. e5 c3 24. exf6 cxb2 25. Qxb2 Bxf6 26. Bd4 Bxd4 27. Rxd4 Bc4 28. Bh3 Rc7 29. Rc1 Ba6 30. Rxc7 Qxc7 31. Rxb4 Re8 32. Qb1 g6 33. Bf1 Bxf1 34. Kxf1 Qe5 35. Kg1 h5 36. h4 a5 37. Rb5 Qc3 38. Rb8 Rxb8 39. Qxb8+ Kg7 40. Kg2 Qc6+ 41. Kg1 Qc1+ 42. Kg2 Qc6+ 43. Kg1 Qc1+ 1/2-1/2

[Event "Oberliga Wuerttemberg 1920"]
[Site "Wuerttemberg"]
[Date "2019.11.10"]
[Round "3.5"]
[White "Tuncer, Ufuk"]
[Black "Brunner, Jan"]
[Result "0-1"]
[WhiteElo "2346"]
[BlackElo "1999"]
[PlyCount "80"]
[EventDate "2019.09.15"]
[EventType "team-tourn"]
[EventRounds "9"]
[EventCountry "GER"]
[SourceTitle "EXT 2021"]
[Source "ChessBase"]
[SourceDate "2020.10.23"]
[SourceVersion "1"]
[SourceVersionDate "2020.10.23"]
[SourceQuality "1"]
[WhiteTeam "Weiler im Allgaeu"]
[BlackTeam "Schoenaich II"]
[WhiteTeamCountry "GER"]
[BlackTeamCountry "GER"]

1. Nf3 Nf6 2. g3 e6 3. Bg2 d5 4. 0-0 Be7 5. c4 0-0 6. d4 dxc4 7. Qc2 b6 8. Bg5 Nd5 9. Bxe7 Qxe7 10. Qxc4 Ba6 11. Qc2 c5 12. Nc3 Nd7 13. Rfe1 Bb7 14. Nxd5 exd5 15. dxc5 bxc5 16. Rad1 Nf6 17. Qa4 Rac8 18. Nd2 Rfd8 19. Rc1 Nd7 20. Qxa7 Bc6 21. Qa3 Ra8 22. Qc3 Rxa2 23. Nb3 Ra4 24. e4 d4 25. Qc2 Bb5 26. e5 Rb4 27. Nd2 c4 28. e6 Nc5 29. Qf5 fxe6 30. Qh3 Qf6 31. Ne4 Nxe4 32. Bxe4 h6 33. Rc2 Re8 34. Qh5 d3 35. Rd2 Rf8 36. Qg4 Rb3 37. f4 Bd7 38. Qh5 Rb5 39. Qg4 Rb3 40. f5 Qd4+ 0-1

[Event "BL2-Sued 1920"]
[Site "Germany"]
[Date "2019.10.20"]
[Round "2.8"]
[White "Herbrechtsmeier, Christof"]
[Black "Brunner, Jan"]
[Result "1/2-1/2"]
[WhiteElo "2197"]
[BlackElo "1991"]
[PlyCount "59"]
[EventDate "2019.10.19"]
[EventType "team-tourn"]
[EventRounds "11"]
[EventCountry "GER"]
[SourceTitle "CBM 194 Extra"]
[Source "ChessBase"]
[SourceDate "2020.03.31"]
[SourceVersion "1"]
[SourceVersionDate "2020.03.31"]
[SourceQuality "1"]
[WhiteTeam "Emmendingen"]
[BlackTeam "Schoenaich"]
[WhiteTeamCountry "GER"]
[BlackTeamCountry "GER"]

1. e4 c5 2. Nf3 Nc6 3. d4 cxd4 4. Nxd4 Nf6 5. Nc3 d6 6. Bc4 Qb6 7. Nb3 e6 8. Be3 Qc7 9. Bd3 Be7 10. f4 a6 11. Qf3 Rb8 12. a4 Nb4 13. a5 Bd7 14. Bb6 Qc8 15. 0-0 Nxd3 16. cxd3 Bc6 17. Rfc1 Qd7 18. Nd4 0-0 19. Nxc6 bxc6 20. d4 Rfc8 21. Rc2 Qb7 22. f5 exf5 23. Qxf5 Nd7 24. Na4 Re8 25. Rac1 Rbc8 26. e5 dxe5 27. dxe5 Bd8 28. Bxd8 Rcxd8 29. Rd2 Nf8 30. Rxd8 1/2-1/2

[Event "Oberliga Wuerttemberg 1920"]
[Site "Wuerttemberg"]
[Date "2019.10.13"]
[Round "2.7"]
[White "Brunner, Jan"]
[Black "Reindl, Arno"]
[Result "1-0"]
[WhiteElo "1999"]
[BlackElo "1995"]
[PlyCount "41"]
[EventDate "2019.09.15"]
[EventType "team-tourn"]
[EventRounds "9"]
[EventCountry "GER"]
[SourceTitle "EXT 2021"]
[Source "ChessBase"]
[SourceDate "2020.10.23"]
[SourceVersion "1"]
[SourceVersionDate "2020.10.23"]
[SourceQuality "1"]
[WhiteTeam "Schoenaich II"]
[BlackTeam "Schwaebisch Gmuend"]
[WhiteTeamCountry "GER"]
[BlackTeamCountry "GER"]

1. d4 Nf6 2. c4 g6 3. f3 Bg7 4. e4 d6 5. Nc3 0-0 6. Bg5 Nbd7 7. Qd2 c5 8. d5 Qa5 9. Be2 Re8 10. Nh3 Nf8 11. Nf2 e5 12. 0-0 a6 13. a4 Bd7 14. g3 Qc7 15. Kg2 Kh8 16. h4 Ng8 17. h5 h6 18. hxg6 f6 19. Be3 Nxg6 20. Rh1 Nf8 21. Rh2 1-0

[Event "GER-ch U25-A"]
[Site "Willingen"]
[Date "2019.06.10"]
[Round "3"]
[White "Khachatryan, Taron"]
[Black "Brunner, Jan"]
[Result "1/2-1/2"]
[WhiteElo "1900"]
[BlackElo "2046"]
[PlyCount "96"]
[EventDate "2019.06.08"]
[EventType "swiss"]
[EventRounds "9"]
[EventCountry "GER"]
[SourceTitle "CBM 191 Extra"]
[Source "ChessBase"]
[SourceDate "2019.09.30"]
[SourceVersion "1"]
[SourceVersionDate "2019.09.30"]
[SourceQuality "1"]

1. Nf3 f5 2. d3 d5 3. c4 e6 4. g3 Nf6 5. Bg2 c5 6. 0-0 Nc6 7. cxd5 exd5 8. Nbd2 Be7 9. Qe1 0-0 10. a3 b6 11. Qd1 Kh8 12. Qc2 Qc7 13. e4 fxe4 14. dxe4 Ba6 15. Re1 d4 16. Qa4 Bb7 17. Nc4 Nh5 18. Qb3 Bc8 19. Ncd2 Rb8 20. Qc2 Be6 21. b4 Rbd8 22. bxc5 bxc5 23. Bb2 Qd7 24. Qd3 Rb8 25. Reb1 Bf6 26. Bc1 Qc7 27. Bf1 Na5 28. Rxb8 Rxb8 29. e5 Bxe5 30. Qe4 Nc6 31. Bc4 Nf6 32. Qh4 Bxc4 33. Nxc4 d3 34. Nfxe5 Nxe5 35. Qf4 Nfd7 36. Bb2 Rf8 37. Qe4 Nxc4 38. Qxc4 Ne5 39. Qd5 Nf3+ 40. Kg2 c4 41. Bc3 Qf7 42. Qxf7 Rxf7 43. Rb1 h6 44. h4 d2 45. Rb8+ Kh7 46. Rd8 Ne1+ 47. Kg1 Nd3 48. Bxd2 Nxf2 1/2-1/2

[Event "Pfalz op 10th"]
[Site "Neustadt an der Weinstrasse"]
[Date "2019.03.01"]
[Round "1"]
[White "Brunner, Jan"]
[Black "Bernadskiy, Vitaliy"]
[Result "0-1"]
[WhiteElo "2079"]
[BlackElo "2581"]
[PlyCount "116"]
[EventDate "2019.03.01"]
[EventType "swiss"]
[EventRounds "9"]
[EventCountry "GER"]
[SourceTitle "CBM 189 Extra"]
[Source "ChessBase"]
[SourceDate "2019.06.03"]
[SourceVersion "1"]
[SourceVersionDate "2019.06.03"]
[SourceQuality "1"]

1. d4 Nf6 2. c4 g6 3. Nf3 Bg7 4. g3 b6 5. Bg2 Bb7 6. 0-0 0-0 7. Nc3 Ne4 8. Nxe4 Bxe4 9. Be3 e6 10. Qd2 d6 11. Bh6 Nd7 12. Bxg7 Kxg7 13. Rfd1 Qe7 14. Ne1 Bxg2 15. Kxg2 Rad8 16. Nd3 a5 17. e4 c5 18. dxc5 dxc5 19. Qc3+ Qf6 20. Qxf6+ Kxf6 21. f4 Nb8 22. Ne5 Ke7 23. Kf2 f6 24. Nf3 Nc6 25. Ke2 e5 26. b3 g5 27. Rxd8 Rxd8 28. fxg5 fxg5 29. h3 h6 30. a3 Rg8 31. g4 Rf8 32. Rd1 Nd4+ 33. Nxd4 exd4 34. b4 Kd6 35. Rb1 Ke5 36. bxc5 bxc5 37. Rb5 Kxe4 38. Rxc5 d3+ 39. Kd2 Rf2+ 40. Ke1 d2+ 41. Kd1 Kd3 42. Rd5+ Kc3 43. Rf5 Rh2 44. Rf3+ Kxc4 45. Kc2 Kd4 46. Rd3+ Ke4 47. Rb3 a4 48. Rc3 Kf4 49. Rd3 Rg2 50. Rd4+ Ke3 51. Rd8 Ke2 52. Re8+ Kf1 53. Re4 Re2 54. Rb4 Re3 55. Kxd2 Rxa3 56. Re4 Kg2 57. Re6 Rxh3 58. Ra6 a3 0-1

[Event "BL2-Sued 1819"]
[Site "Germany"]
[Date "2019.02.03"]
[Round "6.8"]
[White "Vatter, Hans Joachim"]
[Black "Brunner, Jan"]
[Result "1/2-1/2"]
[WhiteElo "2243"]
[BlackElo "1946"]
[PlyCount "53"]
[EventDate "2018.11.10"]
[EventType "team-tourn"]
[EventRounds "10"]
[EventCountry "GER"]
[SourceTitle "CBM 190 Extra"]
[Source "ChessBase"]
[SourceDate "2019.07.15"]
[SourceVersion "1"]
[SourceVersionDate "2019.07.15"]
[SourceQuality "1"]
[WhiteTeam "Emmendingen"]
[BlackTeam "Schoenaich"]
[WhiteTeamCountry "GER"]
[BlackTeamCountry "GER"]

1. e4 c5 2. Nf3 Nc6 3. d4 cxd4 4. Nxd4 Nf6 5. Nc3 d6 6. Bg5 e6 7. Qd2 Be7 8. 0-0-0 Nxd4 9. Qxd4 0-0 10. f4 Qa5 11. Qd3 Rd8 12. Be2 Bd7 13. Kb1 Rab8 14. Bf3 b5 15. Rhe1 b4 16. Ne2 Rb6 17. Nc1 h6 18. Bh4 Bb5 19. Qd4 Rbb8 20. Bf2 a6 21. g4 Qc7 22. h4 e5 23. fxe5 dxe5 24. Qa7 Qxa7 25. Bxa7 Rxd1 26. Rxd1 Rb7 27. Bf2 1/2-1/2

[Event "GER-ch U25-A"]
[Site "Willingen"]
[Date "2018.05.26"]
[Round "9"]
[White "Brunner, Jan"]
[Black "Askerov, Imamali"]
[Result "1/2-1/2"]
[WhiteElo "2040"]
[BlackElo "1940"]
[PlyCount "41"]
[EventDate "2018.05.19"]
[EventType "swiss"]
[EventRounds "9"]
[EventCountry "GER"]
[SourceTitle "CBM 184 Extra"]
[Source "ChessBase"]
[SourceDate "2018.06.28"]
[SourceVersion "1"]
[SourceVersionDate "2018.06.28"]
[SourceQuality "1"]

1. d4 Nf6 2. c4 e6 3. Nf3 c5 4. g3 cxd4 5. Nxd4 d5 6. Bg2 e5 7. Nf3 d4 8. 0-0 Nc6 9. Nbd2 Bc5 10. Ng5 0-0 11. b3 h6 12. Nde4 Nxe4 13. Nxe4 Be7 14. Qc2 f5 15. Nd2 Nb4 16. Qb1 e4 17. a3 Nc6 18. b4 Be6 19. Rd1 Bf6 20. Bb2 a6 21. Qc2 1/2-1/2

[Event "GER-ch U25-A"]
[Site "Willingen"]
[Date "2018.05.25"]
[Round "8"]
[White "Zeuner, Ole"]
[Black "Brunner, Jan"]
[Result "1/2-1/2"]
[WhiteElo "1948"]
[BlackElo "2040"]
[PlyCount "63"]
[EventDate "2018.05.19"]
[EventType "swiss"]
[EventRounds "9"]
[EventCountry "GER"]
[SourceTitle "CBM 184 Extra"]
[Source "ChessBase"]
[SourceDate "2018.06.28"]
[SourceVersion "1"]
[SourceVersionDate "2018.06.28"]
[SourceQuality "1"]

1. e4 c5 2. Nf3 Nc6 3. d4 cxd4 4. Nxd4 Nf6 5. Nc3 d6 6. Bg5 e6 7. Qd2 Be7 8. 0-0-0 Nxd4 9. Qxd4 0-0 10. f3 a6 11. h4 b5 12. Kb1 Qa5 13. Qd2 b4 14. Ne2 e5 15. Nc1 Be6 16. g4 Rfd8 17. Bxf6 Bxf6 18. g5 Be7 19. Bh3 d5 20. Bxe6 fxe6 21. g6 dxe4 22. gxh7+ Kxh7 23. Qe3 exf3 24. Qxf3 Rxd1 25. Rxd1 Rf8 26. Qg4 Rf6 27. Qh5+ Rh6 28. Qf7 Bxh4 29. Rg1 Bf6 30. Qxe6 Qc5 31. Qg4 Rh2 32. Qg6+ 1/2-1/2

[Event "GER-ch U25-A"]
[Site "Willingen"]
[Date "2018.05.21"]
[Round "3"]
[White "Brunner, Jan"]
[Black "Seref, Erdogan"]
[Result "1/2-1/2"]
[WhiteElo "2040"]
[BlackElo "1905"]
[PlyCount "90"]
[EventDate "2018.05.19"]
[EventType "swiss"]
[EventRounds "9"]
[EventCountry "GER"]
[SourceTitle "CBM 184 Extra"]
[Source "ChessBase"]
[SourceDate "2018.06.28"]
[SourceVersion "1"]
[SourceVersionDate "2018.06.28"]
[SourceQuality "1"]

1. d4 Nf6 2. c4 e6 3. g3 d5 4. Nf3 Be7 5. Bg2 0-0 6. 0-0 dxc4 7. Ne5 Nc6 8. Bxc6 bxc6 9. Nxc6 Qe8 10. Nxe7+ Qxe7 11. Qc2 c5 12. Qxc4 cxd4 13. Qxd4 Rd8 14. Qh4 Rb8 15. b3 Ba6 16. Ba3 Qc7 17. Rc1 Qe5 18. Nc3 Rd4 19. Qh3 Rd2 20. Qg2 Bb7 21. Qf1 Ne4 22. Nxe4 Qxe4 23. f3 Qd5 24. Rd1 Qd4+ 25. Kg2 Rd8 26. Rxd2 Qxd2 27. Kf2 Qa5 28. Bc1 Qh5 29. h4 Qd5 30. Be3 a6 31. Rc1 e5 32. Rc5 Qe6 33. Rc7 Bd5 34. Kg2 e4 35. f4 Bc6 36. f5 Qd5 37. Qf4 Bb5 38. Qf1 h5 39. a4 Bd7 40. f6 g6 41. Qf4 Qd1 42. Qh6 Qxe2+ 43. Kg1 Qe1+ 44. Kh2 Qe2+ 45. Kg1 Qe1+ 1/2-1/2